Comentari de text : curs d'accés a la universitat per a més grans de vint-i-cinc anys : ciències : ciències de la Salut : enginyeria i arquitectura : curs d'accés a la universitat per a més grans de quaranta-i-cinc anys curs d'accés a la universitat per a més grans de vint-i-cinc anys :
Publicado:
Barcelona :
Diputació de Barcelona. Àrea d'Educació. Gerència de serveis d'Educació, [s.a.]
Descripción Física:
133 p. ; 29 cm
MARC
| LEADER | 00000nam a2200000Ia 4500 | ||
|---|---|---|---|
| 001 | 23631 | ||
| 008 | 160829s9999 xx 000 0 cat d | ||
| 080 | |a Bib-9 | ||
| 245 | |a Comentari de text : |b curs d'accés a la universitat per a més grans de vint-i-cinc anys : |b ciències : |b ciències de la Salut : |b enginyeria i arquitectura : |b curs d'accés a la universitat per a més grans de quaranta-i-cinc anys | ||
| 260 | |a Barcelona : |b Diputació de Barcelona. Àrea d'Educació. Gerència de serveis d'Educació, [s.a.] | ||
| 300 | |a 133 p. ; |c 29 cm | ||
| 650 | |a Universitat de Barcelona |x Proves d'accès |9 49537 | ||
| 710 | |a Barcelona (Catalunya : Província). |b Gerència de Serveis d'Educació |9 52167 | ||
| 710 | 2 | |a Centre de Formació d'Adults Can Batlló |9 55011 | |
| 901 | |a Arxiu | ||
| 942 | |n 1 | ||
| 952 | |0 0 |1 0 |4 0 |6 BIB9 |7 1 |9 55427 |a Arxiu |b Arxiu |d 2016-12-01 |l 0 |o Bib-9 |p 23631 |r 2016-12-01 00:00:00 |w 2016-12-01 |y ARXIU | ||
| 999 | |c 59300 |d 59300 | ||